| 000 | 01652nam a2200397 i 4500 | ||
|---|---|---|---|
| 001 | 197696 | ||
| 003 | ES-MaACL | ||
| 005 | 20250708170032.0 | ||
| 007 | ta | ||
| 008 | 131128s2013 sp a | ||||o000 0 spa | ||
| 015 | _aMON13 | ||
| 017 |
_aSE 1619-2013 _bOficina Depósito Legal Sevilla |
||
| 020 | _a9788477983415 | ||
| 035 | _a(OCoLC)870104801 | ||
| 035 | _a(SpMaBN)a5438175 | ||
| 035 | _a991043891759708606 | ||
| 040 |
_aSpMaBN _bspa _cSpMaBN _erdc |
||
| 080 | _a782.1 Valero, Fernando | ||
| 100 | 1 |
_aÁlvarez, Alberto J., _d1974- _eaut _9241123 |
|
| 245 | 1 | 3 |
_aEl tenor Fernando Valero (1855-1914) y su entorno : _bla culminación de la ópera romántica italiana / _cAlberto J. Álvarez Calero |
| 260 |
_aSevilla : _bDiputación de Sevilla, Servicio de Archivo y Publicaciones, _c2013 |
||
| 300 |
_a173 páginas : _bilustrado a color y blanco y negro ; _c20 cm |
||
| 336 |
_aTexto (visual) _2isbdcontent |
||
| 337 |
_asin mediación _2isbdmedia |
||
| 338 |
_2rdacarrier _avolumen |
||
| 490 | 1 |
_aArte hispalense ; _vn. 98 |
|
| 504 | _aBibliografía: páginas 169-170 | ||
| 600 | 0 | 4 |
_aValero, Fernando, _d1854-1914 _2embne _9112654 |
| 830 | 0 |
_9179523 _aArte hispalense ; _v98 |
|
| 852 |
_aES-MaACL _cDEPO1 _jA-15760 _hDonación: Centro de Información Documental de Archivos _xEncuadernación rústica con solapas _9206118 |
||
| 914 |
_aCentro de Información Documental de Archivos _ednr |
||
| 942 |
_n0 _cMONOGRAFIA |
||
| 999 |
_c197696 _d197696 |
||